000 00411nam a2200157 i 4500
001 85919
003 ES-MaACL
005 20230906175333.0
007 t|
008 041202s1929 xxk ||||1| eng d
100 1 _aKeith, Arthur.
_967739
245 1 4 _aThe antiquity of man /
_cby Arthur Keith.
260 _aLondon :
_bWilliam and Norgate,
_c1929.
300 _a2 v. ;
_c20 cm.
852 _aES-MaACL
_jA-3148-49
999 _c85919
_d85919